000 01152nam0a22003011 4500
001 rc\4520031
005 20250611190329.0
021 _aRU
_b[64-97018]
035 _a(NLR Aleph) 008350516
090 _a8934579
_c8934579
100 _a20130416d1964 |||y0rusy50 ca
101 1 _arus
_ceng
102 _aRU
105 _aa z |||a|
200 1 _aМилый лжец
_eКомедия в 2 действиях на основе подлинной переписки Джорджа Бернарда Шоу с актрисой Патрик Кемпбел
_f[Пер. с англ. Е. Голышевой, Б. Изакова]
210 _aМосква
_cИскусство
_d1964
215 _a78 с., 4 л. ил.
_d17
225 1 _aСовременные зарубежные пьесы
700 1 _aКилти
_bД.
_f1922-
_gДжером
702 1 _aШоу
_bД.Б.
_gДжордж Бернард
_4570
702 1 _aКемпбел
_bП.
_gПатрик
_4570
702 1 _aИзаков
_bБ.
_4730
702 1 _aГолышева
_bЕ.
_4730
801 0 _aRU
_bNLR
_gpsbo
801 1 _aRU
_bELAR
_2rusmarc
852 _aNLR
_j64-2/3608
942 _cBOOK
980 _aNB